| 000 | 00828nam a2200253Ia 4500 | ||
|---|---|---|---|
| 003 | OSt | ||
| 005 | 20221005042809.0 | ||
| 006 | a|||||r|||| 00| 0 | ||
| 007 | ta | ||
| 008 | 221004b |||||||| |||| 00| 0 eng d | ||
| 020 |
_a9780748633630 (pbk) _c1518.84 |
||
| 024 | _a102524 | ||
| 037 |
_b3665, 01/01/2010, Bharat Scientific Syndicate _cTextual |
||
| 040 |
_aCRL _cCRL _beng |
||
| 041 |
_2eng _aeng |
||
| 082 | _aO111,2J64:g(Q:361), P7 | ||
| 100 |
_aZimmerman Susan _959235 |
||
| 245 | 0 | _aEarly modern corpse and Shakespeare's theatre | |
| 260 |
_aEdinburgh _bEdinburgh University Press _c2007 |
||
| 300 |
_a214p _ccm. |
||
| 650 | _aENGLISH LITERATURE | ||
| 942 |
_hO111,2J64:g(Q:361), P7 _cTEXL _2cc |
||
| 999 |
_c950857 _d950857 |
||